Statistics for Islands by Largest City

Click here to take the quiz!

General Stats

  • This quiz has been taken 35,943 times
    (35,936 since last reset)
  • The average score is 13 of 20

Answer Stats

City Island % Correct
DublinIreland
98%
HavanaCuba
91%
ReykjavikIceland
88%
LondonGreat Britain
85%
KingstonJamaica
85%
TaipeiTaiwan
82%
NicosiaCyprus
72%
PalermoSicily
71%
JakartaJava
64%
AucklandNorth Island
64%
ChristchurchSouth Island
61%
San JuanPuerto Rico
59%
TokyoHonshu
58%
NuukGreenland
55%
Santo DomingoHispaniola
54%
HeraklionCrete
53%
HonoluluOahu
52%
SapporoHokkaido
49%
PalmaMallorca
46%
CharlottetownPrince Edward Island
23%

Score Distribution

Percentile by Number Answered

Percent of People with Each Score

Your Score History

You have not taken this quiz since the last reset